| 000 | 00429cam a2200181ua 4500 | ||
|---|---|---|---|
| 020 | _c6.00 | ||
| 041 |
_ahin _h |
||
| 082 |
_a891.54 _bLAK/RO |
||
| 100 | _aLakshmi Narayan, Lal . | ||
| 245 |
_aRoopajeeva / _cLakshmi Narayan Lal. _hTextual Documents |
||
| 250 |
_a1 / _b. |
||
| 260 |
_aDelhi : _bRajkamal Prakash , _c1959. |
||
| 300 | _a374 ; . | ||
| 365 | _a6.00 | ||
| 504 | _a | ||
| 942 | _cBK | ||
| 999 |
_c8099 _d8099 |
||